000
00320pab a2200133 454500
008
180718b1983 xxu||||| |||| 00| 0 eng d
100
_a
Kelkar, V.M.
245
_a
Environmental priorities for India
260
_c
1983
300
_a
54-66
650
_a
Environmental Policy - India
773
_a
Mazingira
909
_a
7781
999
_c
7781
_d
7781